[Event "Pilsen Region-chT 2223"]
[Site "Czech Republic"]
[Date "2023.01.15"]
[Round "6.5"]
[White "Novak, Michal"]
[Black "Sladek, Jaroslav"]
[Result "1-0"]
[WhiteElo "2098"]
[BlackElo "1853"]
[PlyCount "39"]
[EventDate "2022.10.09"]
[EventType "team-tourn"]
[EventRounds "11"]
[EventCountry "CZE"]
[SourceTitle "EXT 2024"]
[Source "ChessBase"]
[SourceDate "2023.10.10"]
[SourceVersion "1"]
[SourceVersionDate "2023.10.10"]
[SourceQuality "1"]
[WhiteTeam "Line IV"]
[BlackTeam "Petrin"]
[WhiteTeamCountry "CZE"]
[BlackTeamCountry "CZE"]

1. d4 d6 2. e4 Nf6 3. Nc3 e5 4. Nf3 Nbd7 5. Bc4 Be7 6. 0-0 0-0 7. dxe5 dxe5 8. Qe2 c6 9. a4 b6 10. b3 Qc7 11. Bb2 Bb7 12. Ba6 Bxa6 13. Qxa6 Ne8 14. Qe2 Qd6 15. Nd1 Qe6 16. Ne3 g6 17. Nc4 f6 18. Rfd1 Nd6 19. Nxd6 Bxd6 20. Qd2 1-0

[Event "Pilsen Region-chT 2223"]
[Site "Czech Republic"]
[Date "2022.10.30"]
[Round "2.6"]
[White "Sladek, Jaroslav"]
[Black "Danek, Vaclav"]
[Result "1/2-1/2"]
[WhiteElo "1853"]
[BlackElo "1843"]
[PlyCount "81"]
[EventDate "2022.10.09"]
[EventType "team-tourn"]
[EventRounds "11"]
[EventCountry "CZE"]
[SourceTitle "EXT 2024"]
[Source "ChessBase"]
[SourceDate "2023.10.10"]
[SourceVersion "1"]
[SourceVersionDate "2023.10.10"]
[SourceQuality "1"]
[WhiteTeam "Petrin"]
[BlackTeam "Loko"]
[WhiteTeamCountry "CZE"]
[BlackTeamCountry "CZE"]

1. e4 d6 2. d4 Nf6 3. Nc3 c6 4. a4 Qa5 5. Bd2 Qb6 6. Nf3 a5 7. h3 g6 8. Bc4 e6 9. e5 dxe5 10. dxe5 Nd5 11. Ne4 Bg7 12. Nd6+ Ke7 13. Bxd5 cxd5 14. Bg5+ Kd7 15. 0-0 Nc6 16. Re1 Rf8 17. Nxc8 Raxc8 18. Bf6 Bxf6 19. exf6 Qd8 20. c4 Qxf6 21. cxd5 exd5 22. Qxd5+ Kc7 23. Qb5 Rfd8 24. b4 Ra8 25. Rac1 axb4 26. Qxb4 Kb8 27. Qb5 h6 28. Rb1 Ra7 29. Qb6 Qd6 30. Rec1 Ka8 31. a5 Rd7 32. Re1 Re7 33. Red1 Qc7 34. Re1 Rxe1+ 35. Rxe1 Qd7 36. Ne5 Nxe5 37. Rxe5 Ra6 38. Qb4 Qd1+ 39. Kh2 Qd6 40. Qxd6 Rxd6 41. f4 1/2-1/2

[Event "CZE-ch Betsys Online Blitz"]
[Site "Chess.com INT"]
[Date "2021.04.17"]
[Round "7"]
[White "Andrle, Filip"]
[Black "Sladek, Jaroslav"]
[Result "1-0"]
[WhiteElo "1503"]
[BlackElo "1877"]
[PlyCount "89"]
[EventDate "2021.04.17"]
[EventType "swiss (blitz)"]
[EventRounds "13"]
[EventCountry "CZE"]
[SourceTitle "CBM 201 Extra"]
[Source "ChessBase"]
[SourceDate "2021.05.31"]
[SourceVersion "1"]
[SourceVersionDate "2021.05.31"]
[SourceQuality "1"]

1. e4 d5 2. exd5 Nf6 3. Nc3 Nxd5 4. Nxd5 Qxd5 5. Nf3 c6 6. b3 Bg4 7. Bc4 Qd6 8. Bb2 e5 9. Bxe5 Bxf3 10. Bxd6 Bxd1 11. Bxf8 Kxf8 12. Rxd1 Nd7 13. 0-0 Nf6 14. d4 b5 15. Bd3 g6 16. Rfe1 Re8 17. f3 Kg7 18. Kf2 Nd5 19. Rxe8 Rxe8 20. Re1 Rxe1 21. Kxe1 Nc3 22. Be4 Nxa2 23. Bxc6 b4 24. Kd2 f6 25. Kd3 Kf7 26. Kc4 Ke7 27. Be4 Kd6 28. Bd3 Kc6 29. h4 f5 30. h5 a5 31. g4 Nc3 32. hxg6 hxg6 33. gxf5 gxf5 34. Bxf5 Ne2 35. Bd3 Nf4 36. Be4+ Kb6 37. d5 Nh5 38. d6 Nf6 39. Kd4 Nd7 40. f4 Nc5 41. f5 Nd7 42. Bd5 Kb5 43. Be6 Nf6 44. Ke5 Ne8 45. d7 1-0

[Event "CZE-ch Betsys Online Blitz"]
[Site "Chess.com INT"]
[Date "2021.04.17"]
[Round "10"]
[White "Dofek, Tomas"]
[Black "Sladek, Jaroslav"]
[Result "1-0"]
[WhiteElo "1189"]
[BlackElo "1877"]
[PlyCount "63"]
[EventDate "2021.04.17"]
[EventType "swiss (blitz)"]
[EventRounds "13"]
[EventCountry "CZE"]
[SourceTitle "CBM 201 Extra"]
[Source "ChessBase"]
[SourceDate "2021.05.31"]
[SourceVersion "1"]
[SourceVersionDate "2021.05.31"]
[SourceQuality "1"]

1. e4 d5 2. exd5 Nf6 3. Nf3 Qxd5 4. Nc3 Qa5 5. Be2 c6 6. 0-0 Bf5 7. d4 e6 8. Bg5 Bd6 9. h3 h6 10. Bh4 g5 11. Bg3 Bxg3 12. fxg3 Nbd7 13. Bd3 Bxd3 14. Qxd3 0-0-0 15. Ne5 Rdf8 16. Nxd7 Nxd7 17. Rf3 f5 18. Re1 e5 19. Rfe3 e4 20. Qc4 Rf6 21. g4 fxg4 22. Rxe4 gxh3 23. Re8+ Rxe8 24. Rxe8+ Kc7 25. gxh3 Qf5 26. Qd3 Qf2+ 27. Kh1 Qe1+ 28. Rxe1 a6 29. Qg3+ Kb6 30. Re7 Nf8 31. Qc7+ Ka7 32. Qxb7# 1-0

[Event "CZE-ch Betsys Online Blitz"]
[Site "Chess.com INT"]
[Date "2021.04.17"]
[Round "3"]
[White "Jedlicka, Ales"]
[Black "Sladek, Jaroslav"]
[Result "1-0"]
[WhiteElo "2195"]
[BlackElo "1877"]
[PlyCount "87"]
[EventDate "2021.04.17"]
[EventType "swiss (blitz)"]
[EventRounds "13"]
[EventCountry "CZE"]
[SourceTitle "CBM 201 Extra"]
[Source "ChessBase"]
[SourceDate "2021.05.31"]
[SourceVersion "1"]
[SourceVersionDate "2021.05.31"]
[SourceQuality "1"]

1. d4 d5 2. c4 e6 3. Nc3 c5 4. cxd5 cxd4 5. Qa4+ Bd7 6. Qxd4 exd5 7. Qxd5 Nc6 8. Nf3 Nf6 9. Qd1 Bc5 10. e3 Qe7 11. Be2 0-0-0 12. 0-0 g5 13. b4 Bxb4 14. Qb3 g4 15. Nd4 Nxd4 16. exd4 Kb8 17. Bf4+ Bd6 18. Bxd6+ Qxd6 19. Rab1 Bc6 20. Nb5 Qf4 21. Qa3 a6 22. Nc3 Ne4 23. Bxa6 Nxc3 24. Qxc3 Qxd4 25. Qg3+ Ka7 26. Be2 h5 27. Qa3+ Kb8 28. Rb4 Qd5 29. Qg3+ Qd6 30. Rfb1 Qxg3 31. hxg3 Kc7 32. a4 Rd2 33. Bb5 Rhd8 34. Bxc6 bxc6 35. Rb7+ Kd6 36. Rxf7 Ke6 37. Rc7 Rd1+ 38. Rxd1 Rxd1+ 39. Kh2 Kd6 40. Rc8 Ra1 41. Ra8 c5 42. f3 c4 43. f4 c3 44. Rc8 1-0

[Event "CZE-ch Betsys Online Blitz"]
[Site "Chess.com INT"]
[Date "2021.04.17"]
[Round "5"]
[White "Krivanek, Vladimir"]
[Black "Sladek, Jaroslav"]
[Result "1-0"]
[WhiteElo "2180"]
[BlackElo "1877"]
[PlyCount "67"]
[EventDate "2021.04.17"]
[EventType "swiss (blitz)"]
[EventRounds "13"]
[EventCountry "CZE"]
[SourceTitle "CBM 201 Extra"]
[Source "ChessBase"]
[SourceDate "2021.05.31"]
[SourceVersion "1"]
[SourceVersionDate "2021.05.31"]
[SourceQuality "1"]

1. Nc3 d6 2. e4 Nd7 3. d4 c6 4. f4 e5 5. Nf3 Ngf6 6. Be3 exf4 7. Bxf4 Be7 8. Qd2 0-0 9. 0-0-0 b5 10. Bd3 a5 11. e5 dxe5 12. dxe5 Nd5 13. Nxd5 cxd5 14. h4 f5 15. Bxb5 Nc5 16. Qxd5+ Qxd5 17. Rxd5 Bb7 18. Bc4 Kh8 19. Rd2 Ne4 20. Rd7 Ba6 21. Bxa6 Rxa6 22. Rxe7 a4 23. Rd1 a3 24. Rdd7 axb2+ 25. Kxb2 Rb6+ 26. Kc1 Rg6 27. Ng5 Nc3 28. Kd2 Ne4+ 29. Ke3 Nc5 30. Rc7 Na6 31. Rcd7 Nc5 32. Rd5 Na4 33. h5 Rc6 34. Rd8 1-0

[Event "Wch Seniors 50 26th"]
[Site "Marianske Lazne"]
[Date "2016.11.29"]
[Round "10"]
[White "Spacek, Libor"]
[Black "Sladek, Jaroslav"]
[Result "0-1"]
[WhiteElo "2112"]
[BlackElo "1881"]
[PlyCount "76"]
[EventDate "2016.11.19"]
[EventType "swiss"]
[EventRounds "11"]
[EventCountry "CZE"]
[SourceTitle "CBM 175 Extra"]
[Source "ChessBase"]
[SourceDate "2016.12.12"]
[SourceVersion "1"]
[SourceVersionDate "2016.12.12"]
[SourceQuality "1"]

1. d4 d6 2. Nf3 Nd7 3. g3 c6 4. Bg2 e5 5. dxe5 dxe5 6. Nc3 Ngf6 7. e4 Bc5 8. 0-0 b5 9. a3 0-0 10. Re1 Ng4 11. Be3 Nxe3 12. fxe3 Qb6 13. Qe2 a5 14. Bh3 Re8 15. Kf2 Nf6 16. Bxc8 Raxc8 17. h3 Qb7 18. Red1 b4 19. axb4 axb4 20. Na4 Nxe4+ 21. Kg2 Bf8 22. Qc4 Nd6 23. Qb3 Qb5 24. Ng5 Qe2+ 25. Kg1 Qh5 26. h4 h6 27. Qxb4 hxg5 28. Rxd6 gxh4 29. gxh4 Re6 30. Qb7 Rxd6 31. Qxc8 Rg6+ 32. Kf2 Qxh4+ 33. Ke2 Qc4+ 34. Kf3 Qxc2 35. Qh3 Rf6+ 36. Kg4 Qf5+ 37. Kg3 Qf2+ 38. Kg4 Rg6+ 0-1

[Event "CZE-chT2A 1516"]
[Site "Czech Republic"]
[Date "2016.02.07"]
[Round "7.8"]
[White "Sladek, Jaroslav"]
[Black "Kracik, Dobroslav"]
[Result "1/2-1/2"]
[WhiteElo "1919"]
[BlackElo "1954"]
[PlyCount "107"]
[EventDate "2015.10.18"]
[EventType "team-tourn"]
[EventRounds "11"]
[EventCountry "CZE"]
[SourceTitle "EXT 2022"]
[Source "ChessBase"]
[SourceDate "2021.10.06"]
[SourceVersion "1"]
[SourceVersionDate "2021.10.06"]
[SourceQuality "1"]
[WhiteTeam "Kozolupy"]
[BlackTeam "Line"]
[WhiteTeamCountry "CZE"]
[BlackTeamCountry "CZE"]

1. e4 c5 2. b4 cxb4 3. d4 d5 4. e5 Nc6 5. a3 Qb6 6. Nf3 Bg4 7. axb4 Bxf3 8. gxf3 Qxd4 9. Qxd4 Nxd4 10. Kd1 Nxf3 11. Bb5+ Kd8 12. Be3 d4 13. Ke2 dxe3 14. Rd1+ Kc8 15. Kxf3 e6 16. fxe3 Bxb4 17. Ra4 Bc5 18. Rc4 b6 19. Ba6+ Kc7 20. Nc3 Ne7 21. Nb5+ Kb8 22. Rd7 Nd5 23. Rxc5 bxc5 24. Rb7+ Kc8 25. Nd6+ Kd8 26. Nxf7+ Ke8 27. Nxh8 Ne7 28. Bc4 a5 29. Bxe6 a4 30. Nf7 a3 31. Nd6+ Kf8 32. Rb1 Nc6 33. Ke4 Nb4 34. Rf1+ Ke7 35. Bc4 Rf8 36. Nf5+ Kd8 37. Ra1 g6 38. Ng7 Nxc2 39. Ra2 Rf2 40. Ne6+ Ke7 41. Nxc5 Rxh2 42. Nd3 Rh4+ 43. Nf4 Nb4 44. Rxa3 g5 45. Ra7+ Kd8 46. Rb7 Nc6 47. Bb5 Ne7 48. Rd7+ Ke8 49. e6 gxf4 50. exf4 Kf8 51. Rd1 Kg7 52. Be8 Kf6 53. Bf7 Rh2 54. Rg1 1/2-1/2

[Event "CZE-chT2A 1415"]
[Site "Czech Republic"]
[Date "2015.02.08"]
[Round "7.4"]
[White "Sladek, Jaroslav"]
[Black "Orsagova, Silvie"]
[Result "0-1"]
[WhiteElo "2000"]
[BlackElo "2161"]
[PlyCount "80"]
[EventDate "2014.11.02"]
[EventType "team-tourn"]
[EventRounds "11"]
[EventCountry "CZE"]
[SourceTitle "EXT 2022"]
[Source "ChessBase"]
[SourceDate "2021.10.06"]
[SourceVersion "1"]
[SourceVersionDate "2021.10.06"]
[SourceQuality "1"]
[WhiteTeam "Plzen Letna"]
[BlackTeam "Praha Dukla"]
[WhiteTeamCountry "CZE"]
[BlackTeamCountry "CZE"]

1. e4 d5 2. exd5 Qxd5 3. Nc3 Qa5 4. d4 Nf6 5. Bc4 c6 6. Nf3 Bf5 7. Bd2 e6 8. Nd5 Qd8 9. Nxf6+ gxf6 10. Bb3 h5 11. Qe2 h4 12. h3 Qc7 13. 0-0-0 Nd7 14. d5 cxd5 15. Nd4 Bg6 16. Nxe6 fxe6 17. Qxe6+ Be7 18. Bb4 Qf4+ 19. Kb1 Qxb4 20. Rhe1 Bf7 21. Qe3 Qc5 22. Qe2 Ne5 23. f4 Bh5 24. Qd2 Bxd1 25. fxe5 0-0-0 26. Rxd1 fxe5 27. Bxd5 Kb8 28. c4 Rhf8 29. Qe1 Bf6 30. Qe4 Qc7 31. Rd3 Bg5 32. Qe1 Rf6 33. Rb3 Rb6 34. Ra3 Bf4 35. Rc3 Bg3 36. Qe4 Rf8 37. Rc1 Rf2 38. b3 Rbf6 39. Qg4 Qa5 40. a4 Qd2 0-1

[Event "Czech Fed-ch opA"]
[Site "Hrdonov"]
[Date "2013.10.27"]
[Round "2"]
[White "Sodomka, Adam"]
[Black "Sladek, Jaroslav"]
[Result "0-1"]
[WhiteElo "1846"]
[BlackElo "2020"]
[PlyCount "72"]
[EventDate "2013.10.26"]
[EventType "swiss"]
[EventRounds "9"]
[EventCountry "CZE"]
[SourceTitle "EXT 2016"]
[Source "ChessBase"]
[SourceDate "2015.10.08"]
[SourceVersion "1"]
[SourceVersionDate "2015.10.08"]
[SourceQuality "1"]

1. b4 Nf6 2. Bb2 d5 3. e3 Bg4 4. f3 Bc8 5. g4 e6 6. b5 Ne4 7. fxe4 Qh4+ 8. Ke2 Qxg4+ 9. Ke1 Qh4+ 10. Ke2 e5 11. Bg2 Bg4+ 12. Bf3 dxe4 13. Bxg4 Qxg4+ 14. Ke1 Qg2 15. Qh5 Nd7 16. Nc3 Bd6 17. Nce2 Nf6 18. Qh4 Qxh1 19. Kf1 Ng4 20. Qxg4 Qxh2 21. Qxe4 0-0-0 22. a4 f5 23. Qg2 Qxg2+ 24. Kxg2 Rde8 25. Nh3 g5 26. d4 Rhg8 27. Rf1 f4 28. dxe5 Bxe5 29. Bxe5 Rxe5 30. Nd4 Rxe3 31. Nf5 Re5 32. Nh6 Rg6 33. Ng4 Rc5 34. Rf2 h5 35. Nh2 Rc3 36. Rd2 Rg3+ 0-1

[Event "CZE-chT2A 1213"]
[Site "Czech Republic"]
[Date "2013.01.06"]
[Round "6.6"]
[White "Sladek, Jaroslav"]
[Black "Bayer, Radek"]
[Result "1/2-1/2"]
[WhiteElo "2005"]
[BlackElo "2072"]
[PlyCount "30"]
[EventDate "2012.10.14"]
[EventType "team-tourn"]
[EventRounds "11"]
[EventCountry "CZE"]
[SourceTitle "EXT 2015"]
[Source "ChessBase"]
[SourceDate "2014.11.20"]
[SourceVersion "1"]
[SourceVersionDate "2014.11.20"]
[SourceQuality "1"]
[WhiteTeam "Plzen Letna"]
[BlackTeam "Teplice"]
[WhiteTeamCountry "CZE"]
[BlackTeamCountry "CZE"]

1. e4 c5 2. Nf3 Nc6 3. c3 d5 4. exd5 Qxd5 5. d4 Bg4 6. Be2 e6 7. 0-0 cxd4 8. cxd4 Nf6 9. Nc3 Qd8 10. Be3 Be7 11. h3 Bh5 12. Qb3 Qb6 13. Qc4 Qb4 14. Ne5 Bxe2 15. Qxe2 Rc8 1/2-1/2

[Event "CZE-chT2A 1213"]
[Site "Czech Republic"]
[Date "2012.11.18"]
[Round "3.6"]
[White "Janousek, Petr"]
[Black "Sladek, Jaroslav"]
[Result "1/2-1/2"]
[WhiteElo "2176"]
[BlackElo "2005"]
[PlyCount "44"]
[EventDate "2012.10.14"]
[EventType "team-tourn"]
[EventRounds "11"]
[EventCountry "CZE"]
[SourceTitle "EXT 2015"]
[Source "ChessBase"]
[SourceDate "2014.11.20"]
[SourceVersion "1"]
[SourceVersionDate "2014.11.20"]
[SourceQuality "1"]
[WhiteTeam "Kozolupy"]
[BlackTeam "Plzen Letna"]
[WhiteTeamCountry "CZE"]
[BlackTeamCountry "CZE"]

1. e4 d5 2. exd5 Nf6 3. Be2 Nxd5 4. d4 c6 5. c4 Nf6 6. Nc3 g6 7. Be3 Bg7 8. h3 Qa5 9. Nf3 Ne4 10. Qb3 Nd7 11. Rc1 Ndf6 12. 0-0 0-0 13. Nxe4 Nxe4 14. Rfe1 Nd6 15. Bd2 Qc7 16. Bf4 Qb6 17. Qa3 Nf5 18. Red1 Nxd4 19. Nxd4 Bxd4 20. Qxe7 Be6 21. b3 Rfe8 22. Qh4 Bg7 1/2-1/2

[Event "Hrdonov Fontana op"]
[Site "Hrdonov"]
[Date "2012.10.27"]
[Round "9"]
[White "Sladek, Jaroslav"]
[Black "Jandl, Vojtech"]
[Result "1-0"]
[WhiteElo "2005"]
[BlackElo "1783"]
[PlyCount "35"]
[EventDate "2012.10.20"]
[EventType "swiss"]
[EventRounds "9"]
[EventCountry "CZE"]
[SourceTitle "CBM 151 Extra"]
[Source "ChessBase"]
[SourceDate "2012.12.18"]
[SourceVersion "1"]
[SourceVersionDate "2012.12.18"]
[SourceQuality "1"]

1. e4 c5 2. Nf3 d6 3. d4 cxd4 4. Nxd4 Nf6 5. Nc3 g6 6. f4 Nc6 7. Nxc6 bxc6 8. e5 dxe5 9. Qxd8+ Kxd8 10. fxe5 Nd5 11. Bd2 Be6 12. 0-0-0 Bg7 13. Nxd5 Bxd5 14. c4 Rc8 15. Bc3 e6 16. cxd5 cxd5 17. Kb1 Rb8 18. g3 1-0

[Event "Hrdonov Fontana op"]
[Site "Hrdonov"]
[Date "2012.10.23"]
[Round "5"]
[White "Paukert, Jindrich"]
[Black "Sladek, Jaroslav"]
[Result "1/2-1/2"]
[WhiteElo "1858"]
[BlackElo "2005"]
[PlyCount "25"]
[EventDate "2012.10.20"]
[EventType "swiss"]
[EventRounds "9"]
[EventCountry "CZE"]
[SourceTitle "CBM 151 Extra"]
[Source "ChessBase"]
[SourceDate "2012.12.18"]
[SourceVersion "1"]
[SourceVersionDate "2012.12.18"]
[SourceQuality "1"]

1. e4 e5 2. Nf3 d6 3. d3 Be7 4. Be2 Nf6 5. 0-0 Nbd7 6. Ne1 d5 7. Nd2 c6 8. g3 dxe4 9. Nxe4 Nxe4 10. dxe4 0-0 11. Nd3 Qc7 12. Be3 Nf6 13. f3 1/2-1/2

[Event "Hrdonov Fontana op"]
[Site "Hrdonov"]
[Date "2012.10.21"]
[Round "2"]
[White "Sladek, Jaroslav"]
[Black "Sebo, Igor"]
[Result "1-0"]
[WhiteElo "2005"]
[BlackElo "1691"]
[PlyCount "93"]
[EventDate "2012.10.20"]
[EventType "swiss"]
[EventRounds "9"]
[EventCountry "CZE"]
[SourceTitle "CBM 151 Extra"]
[Source "ChessBase"]
[SourceDate "2012.12.18"]
[SourceVersion "1"]
[SourceVersionDate "2012.12.18"]
[SourceQuality "1"]

1. e4 e5 2. Nf3 Nc6 3. c3 Nf6 4. d4 exd4 5. e5 Nd5 6. cxd4 Bb4+ 7. Bd2 Bxd2+ 8. Qxd2 d6 9. Nc3 Nxc3 10. Qxc3 dxe5 11. dxe5 0-0 12. Bb5 Bd7 13. 0-0 Re8 14. Rfe1 a6 15. Bc4 Be6 16. Re3 Bxc4 17. Qxc4 Re6 18. Rae1 Qe7 19. a3 Rd8 20. b4 h6 21. g3 Qd7 22. Nh4 Qd5 23. Qxd5 Rxd5 24. f4 a5 25. bxa5 Rxa5 26. Nf3 g6 27. Rb1 b6 28. Rc3 Ra6 29. Rbc1 b5 30. Nd2 Nd4 31. Kf1 Rec6 32. Ne4 Rxc3 33. Rxc3 Rc6 34. Nf6+ Kf8 35. Rxc6 Nxc6 36. Nd5 Nd4 37. Nxc7 Ke7 38. Nd5+ Ke6 39. Nc3 g5 40. Kf2 Kf5 41. Nd5 Nc2 42. Ne3+ Nxe3 43. Kxe3 h5 44. Kf3 f6 45. exf6 Kxf6 46. Ke4 h4 47. fxg5+ 1-0

[Event "Hrdonov Fontana op"]
[Site "Hrdonov"]
[Date "2012.10.20"]
[Round "1"]
[White "Suchomelova, Simona"]
[Black "Sladek, Jaroslav"]
[Result "1/2-1/2"]
[WhiteElo "1757"]
[BlackElo "2005"]
[PlyCount "52"]
[EventDate "2012.10.20"]
[EventType "swiss"]
[EventRounds "9"]
[EventCountry "CZE"]
[SourceTitle "CBM 151 Extra"]
[Source "ChessBase"]
[SourceDate "2012.12.18"]
[SourceVersion "1"]
[SourceVersionDate "2012.12.18"]
[SourceQuality "1"]

1. d4 d5 2. c4 e6 3. Nc3 c5 4. cxd5 cxd4 5. Qxd4 Nc6 6. Qd1 exd5 7. Qxd5 Be6 8. Qxd8+ Rxd8 9. Bf4 Nb4 10. Rc1 Nxa2 11. Nxa2 Bxa2 12. Nf3 Bd5 13. e4 Bc6 14. Bc4 Bb4+ 15. Bd2 Bxd2+ 16. Nxd2 Nf6 17. f3 Ke7 18. Nb3 Rc8 19. Nd4 Rhd8 20. Nf5+ Kf8 21. 0-0 g6 22. Ne3 b5 23. Be2 a6 24. Rfd1 Rxd1+ 25. Rxd1 Ke7 26. e5 Ne8 1/2-1/2

[Event "Plzen op"]
[Site "Plzen"]
[Date "2012.08.20"]
[Round "3"]
[White "Bartos, Jan"]
[Black "Sladek, Jaroslav"]
[Result "1-0"]
[WhiteElo "2211"]
[BlackElo "2011"]
[PlyCount "41"]
[EventDate "2012.08.18"]
[EventType "swiss"]
[EventRounds "9"]
[EventCountry "CZE"]
[SourceTitle "CBM 150 Extra"]
[Source "ChessBase"]
[SourceDate "2012.10.19"]
[SourceVersion "1"]
[SourceVersionDate "2012.10.19"]
[SourceQuality "1"]

1. d4 d5 2. c4 e6 3. Nf3 c5 4. cxd5 exd5 5. g3 Nc6 6. Bg2 cxd4 7. Nxd4 Bc5 8. Nb3 Bb4+ 9. Bd2 Bxd2+ 10. Qxd2 Nf6 11. Nc3 Be6 12. 0-0 Na5 13. Nxd5 Nc4 14. Nxf6+ Qxf6 15. Qb4 Rb8 16. Bc6+ Kd8 17. Rfd1+ Kc7 18. Bb5 Rbd8 19. Bxc4 Rxd1+ 20. Rxd1 Rd8 21. Qa5+ 1-0

[Event "Kouty nad Desnou op-A"]
[Site "Kouty nad Desnou"]
[Date "2012.03.16"]
[Round "8"]
[White "Pycha, Patrik"]
[Black "Sladek, Jaroslav"]
[Result "1/2-1/2"]
[WhiteElo "1839"]
[BlackElo "1978"]
[PlyCount "40"]
[EventDate "2012.03.10"]
[EventType "swiss"]
[EventRounds "9"]
[EventCountry "CZE"]
[SourceTitle "EXT 2013"]
[Source "ChessBase"]
[SourceDate "2012.11.22"]
[SourceVersion "1"]
[SourceVersionDate "2012.11.22"]
[SourceQuality "1"]

1. e4 e5 2. Nf3 d6 3. Bc4 c6 4. 0-0 Be7 5. d4 Nd7 6. dxe5 dxe5 7. Nc3 Ngf6 8. Qe2 0-0 9. Rd1 Qc7 10. h3 b5 11. Bd3 a6 12. b3 Re8 13. Bb2 Bc5 14. Qe1 Nf8 15. Ne2 Ng6 16. Rac1 Nh5 17. b4 Ba7 18. c4 Qe7 19. c5 Bb8 20. Rc2 Ra7 1/2-1/2